Empresas honorables : un marco teórico y práctico para los negocios en una sociedad justa y humana /

محفوظ في:
التفاصيل البيبلوغرافية
المؤلف الرئيسي: Otteson, James R. (autor)
التنسيق: كتاب
اللغة:الإسبانية
منشور في: México : Universidad Iberoamericana, Plantel Santa Fe, 2022, c2022
الموضوعات:
الوسوم: إضافة وسم
لا توجد وسوم, كن أول من يضع وسما على هذه التسجيلة!

MARC

LEADER 00000nam^a2200000^a^4500
001 000453037
005 20250521000000.0
009 20260526145506.936
020 |a 978-607-417-867-8 
037 |a Acervo ITESO - Biblioteca 
041 |a ESP 
082 |a 174. 4  |b OTT 
100 |a Otteson, James R.  |e (autor) 
245 1 0 |a Empresas honorables :  |b un marco teórico y práctico para los negocios en una sociedad justa y humana /  |c J.R. Otteson ; tr. por Mariano Chávez Martínez 
264 4 |a México :  |b Universidad Iberoamericana, Plantel Santa Fe,  |c 2022, c2022 
300 |a 335 p. 
336 |a texto  |b txt  |2 rdacontenido 
337 |a sin mediación  |b n  |2 rdamedio 
338 |a volumen  |b nc  |2 rdasoporte 
649 |a XX 
650 |a Empresas -  |x Administración 
650 |a Empresa y Sociedad 
650 |a Honor 
650 |a Deber 
650 |a Etica en los Negocios -  |x Tema Principal 
650 |a Etica Profesional 
650 |a Filosofía Organizacional 
650 |a Economía -  |x Aspectos Eticos 
910 |a Fondo General 
920 |a Impresos - Libros 
930 |a Colección General 
905 |a 101 
901 |a 0500386952  |b IT1  |c ACC  |i D130103  |u 20250521 
902 |a https://opac.biblio.iteso.mx/vufind/Record/000453037